[Event "EYCC Open-U14 2019"]
[Site "Bratislava"]
[Date "2019.08.10"]
[Round "9.34"]
[White "Dahl, Max"]
[Black "Dzida, Kamil"]
[Result "1/2-1/2"]
[WhiteElo "1981"]
[BlackElo "1987"]
[Annotator "NA RC"]
[PlyCount "82"]
[EventDate "2019.08.02"]
[EventType "swiss"]
[EventCountry "SVK"]
[SourceTitle "playchess.com"]
[Source "ChessBase"]
[SourceQuality "1"]
[TimeControl "40/5400+30:1800+30"]

1. d4 {[%emt 0:00:00]} Nf6 {[%emt 0:00:00]} 2. Bg5 {[%emt 0:00:00]} e6 {[%emt 0:00:00]} 3. e4 {[%emt 0:01:13]} h6 {[%emt 0:00:00]} 4. Bxf6 {[%emt 0:00:23]} Qxf6 {[%emt 0:00:01]} 5. Nf3 {[%emt 0:01:24]} d6 {[%emt 0:01:01]} 6. c3 {[%emt 0:02:19]} Nd7 {[%emt 0:00:17]} 7. Nbd2 {[%emt 0:01:25]} g6 {[%emt 0:01:01]} 8. Bc4 {[%emt 0:02:25]} Bg7 {[%emt 0:00:39]} 9. Qe2 {[%emt 0:02:03]} O-O {[%emt 0:00:09]} 10. O-O {[%emt 0:02:09]} Rd8 {[%emt 0:06:49]} 11. Rfe1 {[%emt 0:06:22]} e5 {[%emt 0:01:21]} 12. dxe5 {[%emt 0:06:13]} dxe5 {[%emt 0:00:05]} 13. Nf1 {[%emt 0:03:21]} Nc5 {[%emt 0:08:28]} 14. Rad1 {[%emt 0:21:25]} Bg4 {[%emt 0:05:17]} 15. Ne3 {[%emt 0:07:05]} Bxf3 {[%emt 0:00:06]} 16. Qxf3 {[%emt 0:00:35]} Qxf3 {[%emt 0:00:09]} 17. gxf3 {[%emt 0:00:30]} c6 {[%emt 0:06:16]} 18. Rxd8+ {[%emt 0:04:17]} Rxd8 {[%emt 0:00:05]} 19. Rd1 {[%emt 0:00:14]} Rxd1+ {[%emt 0:01:22]} 20. Nxd1 {[%emt 0:00:09]} Kf8 {[%emt 0:00:02]} 21. Kf1 {[%emt 0:01:52]} Ke7 {[%emt 0:00:09]} 22. b4 {[%emt 0:02:59]} Ne6 {[%emt 0:01:05]} 23. Bxe6 {[%emt 0:08:51]} Kxe6 {[%emt 0:00:07]} 24. Ne3 {[%emt 0:00:56]} Kd6 {[%emt 0:13:06]} 25. Ke2 {[%emt 0:05:42]} h5 {[%emt 0:01:50]} 26. Kd3 {[%emt 0:01:42]} Kc7 {[%emt 0:06:16]} 27. Nc4 {[%emt 0:03:31]} b5 {[%emt 0:03:03]} 28. Ne3 {[%emt 0:01:02]} Bf8 {[%emt 0:09:55]} 29. Kc2 {[%emt 0:04:07]} Be7 {[%emt 0:03:03]} 30. Ng2 {[%emt 0:05:03]} Kb6 {[%emt 0:12:27]} 31. Kb3 {[%emt 0:01:26]} c5 {[%emt 0:01:01]} 32. f4 {[%emt 0:03:10]} exf4 {[%emt 0:01:10]} 33. Nxf4 {[%emt 0:00:07]} Bd6 {[%emt 0:00:06]} 34. bxc5+ {[%emt 0:01:15]} Kxc5 {[%emt 0:02:57]} 35. Nd3+ {[%emt 0:00:10]} Kc6 {[%emt 0:00:21]} 36. h3 {[%emt 0:00:36]} Kd7 {[%emt 0:03:37]} 37. c4 {[%emt 0:00:38]} a6 {[%emt 0:00:43]} 38. cxb5 {[%emt 0:00:41]} axb5 {[%emt 0:00:04]} 39. Kc3 {[%emt 0:00:31]} g5 {[%emt 0:01:49]} 40. f3 {[%emt 0:00:00]} Ke6 {[%emt 0:00:00]} 41. Kd4 {[%emt 0:01:44]} f6 {[%emt 0:03:37]} 1/2-1/2

[Event "EYCC Open-U14 2019"]
[Site "Bratislava"]
[Date "2019.08.10"]
[Round "9.35"]
[White "Droin, Augustin"]
[Black "Grahn, Vidar"]
[Result "1-0"]
[WhiteElo "2172"]
[BlackElo "1980"]
[Annotator "TA"]
[PlyCount "69"]
[EventDate "2019.08.02"]
[EventType "swiss"]
[EventCountry "SVK"]
[SourceTitle "playchess.com"]
[Source "ChessBase"]
[SourceQuality "1"]

{[%evp 16,69,21,25,27,0,11,10,34,3,23,0,45,49,63,42,97,94,194,198,202,216,214,213,237,241,274,275,271,266,317,317,317,317,317,317,400,400,400,371,371,371,400,400,400,400,400,400,400,400,881,870,4818,4702,1867,1739]} 1. e4 c5 2. Nf3 Nc6 3. Bb5 e6 4. O-O Nge7 5. Nc3 a6 6. Bxc6 Nxc6 7. d4 cxd4 8. Nxd4 Qc7 9. Nxc6 dxc6 {B30: Sicilian: 2...Nc6 3 Bb5, lines without ...g6} 10. Qg4 e5 11. Qg3 f6 {The position is equal.} 12. Rd1 $146 ({Predecessor:} 12. a4 Bb4 13. Nd1 a5 14. Ne3 O-O 15. h4 Qf7 16. Rd1 Be6 17. Bd2 {½-½ (74) Pridorozhni,A (2512)-Potkin,V (2647) Khanty-Mansiysk 2013}) 12... Bb4 13. Na4 Be6 (13... b5 $5 {[%cal Rb5a4]} 14. a3 Bf8 $11) 14. a3 Bd6 15. Be3 O-O {[#]} (15... c5 $1 $14) 16. Bb6 $1 $36 {[%cal Rb6c7][%mdl 2048] White is really pushing.} Qe7 {[#]} (16... Qb8 $16 {was necessary.}) 17. Qd3 $1 $18 {[%cal Rd3d6]} Rfd8 18. Bxd8 Rxd8 19. b4 {[%cal Bb2b4,Bb4c5,Bc5c6][%mdl 32]} Rd7 {intending ...Bxb4.} 20. Qe3 b5 21. Nc5 Bxc5 22. Qxc5 Qxc5 23. bxc5 Kf7 24. Rxd7+ Bxd7 {[%mdl 4096] Endgame KR-KB} 25. a4 Bc8 26. axb5 cxb5 27. c6 Ke7 28. Rd1 a5 29. Rd5 a4 30. Rxb5 Kd6 31. Ra5 Kxc6 32. Rxa4 Kb5 (32... Bb7 $142 33. f3 Kb6) 33. Ra7 {White is clearly winning.} f5 34. Rc7 Be6 35. Re7 {Accuracy: White = 80%, Black = 16%.} 1-0

[Event "EYCC Open-U14 2019"]
[Site "Bratislava"]
[Date "2019.08.10"]
[Round "9.36"]
[White "Cuttoli, Alexandre"]
[Black "Krupa, Miroslav"]
[Result "0-1"]
[WhiteElo "1848"]
[BlackElo "2114"]
[Annotator "TA"]
[PlyCount "81"]
[EventDate "2019.08.02"]
[EventType "swiss"]
[EventCountry "SVK"]
[SourceTitle "playchess.com"]
[Source "ChessBase"]
[SourceQuality "1"]

{[%evp 11,81,40,83,-5,76,34,42,22,72,59,65,62,83,27,103,122,110,108,118,118,124,102,155,158,156,172,166,178,168,123,125,123,119,33,33,22,68,-34,-50,-33,-26,-45,-22,-77,-14,-51,-38,-52,-21,-100,-87,-81,-87,-93,-93,-100,-92,-153,-143,-209,-194,-235,-222,-225,-226,-232,-233,-245,-227,-233,-233,-360]} 1. d4 Nf6 2. c4 g6 3. Nc3 Bg7 4. e4 d6 5. Nf3 O-O 6. Be2 c5 7. Qc2 {E91: King's Indian: Classical: 6 Be2, unusual replies including 6...c5 and 6...Bg4} ({White should try} 7. d5 $16) (7. O-O Re8 8. Re1 cxd4 9. Nxd4 Nc6 10. Be3 Nxd4 11. Bxd4 Bd7 12. Qd3 Bc6 13. Rad1 a5 14. b3 Nd7 15. Bxg7 Kxg7 {1-0 (48) Giri,A (2782)-Aronian,L (2767) chess.com INT 2018}) 7... Nfd7 $146 (7... Nc6 $11) ({Predecessor:} 7... cxd4 8. Nxd4 a6 9. O-O Nbd7 10. Be3 Nc5 11. f3 Ne8 12. Rad1 Ne6 13. f4 Nxd4 14. Rxd4 Bxd4 15. Bxd4 {0-1 (55) Huth,H (1721)-Gehlsen,R (1524) Berlin 2002}) 8. Be3 Nc6 {[%cal Rc5d4]} 9. Rd1 {White is slightly better.} cxd4 10. Nxd4 Nde5 11. f3 Qc7 12. O-O (12. Nd5 $16 Qd8 13. O-O) 12... a6 (12... Nxc4 $11 {keeps the balance.} 13. Bxc4 Nxd4 14. Bxf7+ Rxf7 15. Bxd4 Bxd4+ 16. Rxd4 Be6) 13. Nd5 $36 {[%mdl 2048] White is on the roll.} Qd8 14. c5 Nxd4 15. Bxd4 Be6 16. f4 Nc6 ({Better is} 16... Bxd5 17. fxe5 (17. exd5 Nd7 $16) 17... Bxa2) 17. Bxg7 Kxg7 18. Nb6 Rb8 19. f5 Bc8 20. f6+ exf6 21. Rxd6 Qe7 22. Nc4 ({Weaker is} 22. Rdxf6 Nd4 $15) (22. Bxa6 $16 Be6 23. Bb5) 22... Be6 $14 23. Qc3 Rfd8 24. Rfd1 (24. e5 $14 f5 25. Rfd1) 24... Bxc4 $15 25. Qxc4 Rxd6 26. cxd6 Qe5 27. b3 (27. Rd2 $11 {remains equal.}) 27... Rd8 (27... Qb2 $1 $17 {Hoping for ...Ne5.} 28. Bg4 Qxa2) 28. Qd3 Qc5+ 29. Kh1 Ne5 (29... h5 {is more complex.} 30. Qd5 Qe3 31. Bc4 Rd7 32. h3 Ne5) 30. Qd5 (30. Qd2 $11) 30... Qxd5 31. Rxd5 $17 {[%mdl 4096] Endgame [#] KRB-KRN} Kf8 $1 32. g3 Ke8 33. Kg1 Kd7 34. Bf1 (34. Kf2 $142) 34... Kc6 {Black is clearly better.} 35. b4 (35. Kf2 $17) 35... Rxd6 $19 36. b5+ {[#]} axb5 $1 37. Bxb5+ Kc7 38. Rxd6 Kxd6 39. Kf2 Kc5 40. a4 Kd4 41. Kg2 {Accuracy: White = 21%, Black = 65%.} (41. a5 {is a better defense.}) 0-1

[Event "EYCC Open-U14 2019"]
[Site "Bratislava"]
[Date "2019.08.10"]
[Round "9.37"]
[White "Chlpek, Daniel"]
[Black "Ochedzan, Tymon"]
[Result "1/2-1/2"]
[WhiteElo "1912"]
[BlackElo "2037"]
[Annotator "NA RC"]
[PlyCount "66"]
[EventDate "2019.08.02"]
[EventType "swiss"]
[EventCountry "SVK"]
[SourceTitle "playchess.com"]
[Source "ChessBase"]
[SourceQuality "1"]
[TimeControl "40/5400+30:1800+30"]

1. d4 {[%emt 0:00:00]} Nf6 {[%emt 0:00:00]} 2. c4 {[%emt 0:00:00]} g6 {[%emt 0:00:00]} 3. Nc3 {[%emt 0:00:00]} Bg7 {[%emt 0:00:00]} 4. e4 {[%emt 0:00:05]} d6 {[%emt 0:00:56]} 5. Nf3 {[%emt 0:01:24]} O-O {[%emt 0:00:12]} 6. h3 {[%emt 0:00:08]} Na6 {[%emt 0:01:24]} 7. Be3 {[%emt 0:00:33]} e5 {[%emt 0:01:53]} 8. d5 {[%emt 0:00:13]} Nc5 {[%emt 0:02:06]} 9. Qc2 {[%emt 0:01:17]} a5 {[%emt 0:05:00]} 10. g4 {[%emt 0:00:38]} Ne8 {[%emt 0:04:56]} 11. Be2 {[%emt 0:07:41]} c6 {[%emt 0:03:30]} 12. O-O-O {[%emt 0:00:43]} Qe7 {[%emt 0:03:58]} 13. Nd2 {[%emt 0:12:44]} Nc7 {[%emt 0:03:11]} 14. Nb3 {[%emt 0:14:53]} cxd5 {[%emt 0:13:29]} 15. cxd5 {[%emt 0:01:24]} b6 {[%emt 0:02:30]} 16. Nxc5 {[%emt 0:09:30]} bxc5 {[%emt 0:00:10]} 17. h4 {[%emt 0:07:27]} Na6 {[%emt 0:03:27]} 18. a3 {[%emt 0:01:09]} Rb8 {[%emt 0:07:23]} 19. h5 {[%emt 0:03:03]} Qc7 {[%emt 0:05:27]} 20. Rh2 {[%emt 0:01:58]} c4 {[%emt 0:05:13]} 21. Rdh1 {[%emt 0:00:46]} Nc5 {[%emt 0:01:54]} 22. hxg6 {[%emt 0:01:04]} hxg6 {[%emt 0:00:47]} 23. Bxc5 {[%emt 0:01:41]} Qxc5 {[%emt 0:00:57]} 24. Qd2 {[%emt 0:00:09]} f6 {[%emt 0:03:30]} 25. Rh8+ {[%emt 0:06:21]} Kf7 {[%emt 0:05:46]} 26. Rxf8+ {[%emt 0:02:19]} Kxf8 {[%emt 0:00:36]} 27. Bd1 {[%emt 0:00:27]} Qd4 {[%emt 0:02:03]} 28. Qe2 {[%emt 0:05:55]} Bd7 {[%emt 0:02:14]} 29. Ba4 {[%emt 0:00:32]} Bxa4 {[%emt 0:02:49]} 30. Nxa4 {[%emt 0:00:30]} Rb3 {[%emt 0:01:08]} 31. Nc3 {[%emt 0:01:09]} Kg8 {[%emt 0:05:24]} 32. Rh3 {[%emt 0:03:31]} Rb8 {[%emt 0:01:39]} 33. a4 {[%emt 0:04:11]} Qc5 {[%emt 0:01:38]} 1/2-1/2

[Event "EYCC Open-U14 2019"]
[Site "Bratislava"]
[Date "2019.08.10"]
[Round "9.38"]
[White "Briem, Benedikt"]
[Black "Fardet, Elouan"]
[Result "1/2-1/2"]
[WhiteElo "1901"]
[BlackElo "2047"]
[Annotator "NA RC"]
[PlyCount "38"]
[EventDate "2019.08.02"]
[EventType "swiss"]
[EventCountry "SVK"]
[SourceTitle "playchess.com"]
[Source "ChessBase"]
[SourceQuality "1"]
[TimeControl "40/5400+30:1800+30"]

1. d4 {[%emt 0:00:00]} Nf6 {[%emt 0:00:00]} 2. c4 {[%emt 0:00:00]} g6 {[%emt 0:00:00]} 3. Nc3 {[%emt 0:00:00]} Bg7 {[%emt 0:00:00]} 4. e4 {[%emt 0:00:00]} d6 {[%emt 0:00:00]} 5. Be2 {[%emt 0:00:00]} O-O {[%emt 0:00:01]} 6. Be3 {[%emt 0:00:00]} c5 {[%emt 0:03:22]} 7. d5 {[%emt 0:01:04]} e6 {[%emt 0:01:21]} 8. Nf3 {[%emt 0:09:19]} Re8 {[%emt 0:02:09]} 9. Nd2 {[%emt 0:00:51]} exd5 {[%emt 0:06:55]} 10. cxd5 {[%emt 0:00:47]} Bd7 {[%emt 0:00:33]} 11. f3 {[%emt 0:00:53]} b5 {[%emt 0:04:24]} 12. Qc2 {[%emt 0:15:35]} b4 {[%emt 0:05:41]} 13. Nd1 {[%emt 0:00:18]} a5 {[%emt 0:10:33]} 14. Nc4 {[%emt 0:01:36]} Qc7 {[%emt 0:05:02]} 15. Bf4 {[%emt 0:06:26]} Bf8 {[%emt 0:00:29]} 16. g4 {[%emt 0:00:59]} Bc8 {[%emt 0:08:53]} 17. Nde3 {[%emt 0:08:19]} Nbd7 {[%emt 0:00:58]} 18. Rc1 {[%emt 0:06:13]} Ba6 {[%emt 0:02:15]} 19. Bg3 {[%emt 0:04:53]} Nb6 {[%emt 0:08:27]} 1/2-1/2

[Event "EYCC Open-U14 2019"]
[Site "Bratislava"]
[Date "2019.08.10"]
[Round "9.39"]
[White "Vanduyfhuys, Igor"]
[Black "Paduano, Claudio"]
[Result "1-0"]
[WhiteElo "1804"]
[BlackElo "2037"]
[Annotator "NA RC"]
[PlyCount "121"]
[EventDate "2019.08.02"]
[EventType "swiss"]
[EventCountry "SVK"]
[SourceTitle "playchess.com"]
[Source "ChessBase"]
[SourceQuality "1"]
[TimeControl "40/5400+30:1800+30"]

1. e4 {[%emt 0:00:00]} c5 {[%emt 0:04:11]} 2. Nf3 {[%emt 0:00:00]} Nc6 {[%emt 0:00:40]} 3. d4 {[%emt 0:00:01]} cxd4 {[%emt 0:00:16]} 4. Nxd4 {[%emt 0:00:18]} Nf6 {[%emt 0:00:24]} 5. Nc3 {[%emt 0:00:23]} e5 {[%emt 0:00:45]} 6. Ndb5 {[%emt 0:01:02]} d6 {[%emt 0:00:39]} 7. Bg5 {[%emt 0:00:15]} a6 {[%emt 0:00:50]} 8. Na3 {[%emt 0:00:24]} b5 {[%emt 0:01:26]} 9. Nd5 {[%emt 0:00:16]} Be7 {[%emt 0:00:40]} 10. Bxf6 {[%emt 0:00:46]} Bxf6 {[%emt 0:00:28]} 11. c4 {[%emt 0:01:03]} b4 {[%emt 0:02:32]} 12. Nc2 {[%emt 0:00:10]} a5 {[%emt 0:01:51]} 13. g3 {[%emt 0:02:00]} O-O {[%emt 0:06:23]} 14. Bg2 {[%emt 0:02:15]} Bg5 {[%emt 0:08:45]} 15. O-O {[%emt 0:00:56]} Ne7 {[%emt 0:41:25]} 16. b3 {[%emt 0:09:47]} Bb7 {[%emt 0:17:51]} 17. Nce3 {[%emt 0:02:47]} Bxe3 {[%emt 0:08:28]} 18. Nxe3 {[%emt 0:00:43]} g6 {[%emt 0:00:53]} 19. Qd2 {[%emt 0:02:53]} Qb6 {[%emt 0:00:30]} 20. Rfd1 {[%emt 0:01:38]} Rfd8 {[%emt 0:00:26]} 21. Rac1 {[%emt 0:02:43]} Qc5 {[%emt 0:00:32]} 22. Ng4 {[%emt 0:04:29]} Kh8 {[%emt 0:00:33]} 23. Nh6 {[%emt 0:04:47]} Kg7 {[%emt 0:00:28]} 24. Rc2 {[%emt 0:03:17]} a4 {[%emt 0:00:29]} 25. bxa4 {[%emt 0:02:56]} Rxa4 {[%emt 0:00:33]} 26. Ng4 {[%emt 0:04:46]} Ng8 {[%emt 0:00:30]} 27. Ne3 {[%emt 0:00:40]} Ne7 {[%emt 0:00:30]} 28. h4 {[%emt 0:03:15]} Bc8 {[%emt 0:00:30]} 29. Rb2 {[%emt 0:01:18]} Be6 {[%emt 0:00:29]} 30. h5 {[%emt 0:01:08]} Nc6 {[%emt 0:00:31]} 31. Bf3 {[%emt 0:01:32]} Nd4 {[%emt 0:00:30]} 32. Be2 {[%emt 0:01:05]} f6 {[%emt 0:00:30]} 33. hxg6 {[%emt 0:02:49]} hxg6 {[%emt 0:00:25]} 34. Kg2 {[%emt 0:00:11]} Rh8 {[%emt 0:00:33]} 35. Rdb1 {[%emt 0:01:08]} Rha8 {[%emt 0:00:32]} 36. Rh1 {[%emt 0:00:22]} g5 {[%emt 0:00:29]} 37. Bg4 {[%emt 0:02:19]} Bxg4 {[%emt 0:00:32]} 38. Nxg4 {[%emt 0:00:17]} Qc6 {[%emt 0:00:29]} 39. f3 {[%emt 0:05:11]} Qxc4 {[%emt 0:00:28]} 40. Nxf6 {[%emt 0:00:00]} Kxf6 {[%emt 0:00:00]} 41. Rh6+ {[%emt 0:07:39]} Ke7 {[%emt 0:30:45]} 42. Rh7+ {[%emt 0:01:25]} Kf6 {[%emt 0:00:13]} 43. Rh6+ {[%emt 0:00:04]} Ke7 {[%emt 0:00:07]} 44. Rh7+ {[%emt 0:03:35]} Ke8 {[%emt 0:01:26]} 45. Qxg5 {[%emt 0:01:18]} R8a7 {[%emt 0:00:29]} 46. Qg6+ {[%emt 0:14:07]} Rf7 {[%emt 0:00:29]} 47. Qg8+ {[%emt 0:00:47]} Ke7 {[%emt 0:00:18]} 48. Rh8 {[%emt 0:01:08]} Nc6 {[%emt 0:00:46]} 49. Qe8+ {[%emt 0:05:05]} Kf6 {[%emt 0:00:08]} 50. Rh6+ {[%emt 0:03:27]} Kg5 {[%emt 0:00:14]} 51. Rxd6 {[%emt 0:10:19]} Rf6 {[%emt 0:01:05]} 52. f4+ {[%emt 0:01:13]} exf4 {[%emt 0:00:31]} 53. gxf4+ {[%emt 0:00:25]} Kxf4 {[%emt 0:00:31]} 54. Rxf6+ {[%emt 0:00:32]} Ke3 {[%emt 0:00:28]} 55. Qxc6 {[%emt 0:01:35]} Qg8+ {[%emt 0:00:31]} 56. Kf1 {[%emt 0:01:07]} Qh8 {[%emt 0:00:31]} 57. Re2+ {[%emt 0:01:14]} Kd4 {[%emt 0:00:28]} 58. Rd6+ {[%emt 0:00:12]} Ke5 {[%emt 0:00:21]} 59. Qd5+ {[%emt 0:00:17]} Kf4 {[%emt 0:00:12]} 60. Qf5+ {[%emt 0:00:08]} Kg3 {[%emt 0:00:51]} 61. Rg6+ {[%emt 0:00:14]} 1-0

[Event "EYCC Open-U14 2019"]
[Site "Bratislava"]
[Date "2019.08.10"]
[Round "9.40"]
[White "Kures, Michael"]
[Black "Schlegel, Igor"]
[Result "0-1"]
[WhiteElo "1898"]
[BlackElo "1968"]
[Annotator "NA RC"]
[PlyCount "78"]
[EventDate "2019.08.02"]
[EventType "swiss"]
[EventCountry "SVK"]
[SourceTitle "playchess.com"]
[Source "ChessBase"]
[SourceQuality "1"]
[TimeControl "40/5400+30:1800+30"]

1. e4 {[%emt 0:00:00]} c5 {[%emt 0:00:00]} 2. Nc3 {[%emt 0:01:12]} a6 {[%emt 0:00:14]} 3. a4 {[%emt 0:01:31]} Nc6 {[%emt 0:03:01]} 4. f4 {[%emt 0:01:59]} g6 {[%emt 0:02:58]} 5. Bc4 {[%emt 0:01:42]} Bg7 {[%emt 0:00:17]} 6. Nf3 {[%emt 0:00:36]} e6 {[%emt 0:09:27]} 7. e5 {[%emt 0:07:19]} d6 {[%emt 0:00:36]} 8. exd6 {[%emt 0:00:42]} Nf6 {[%emt 0:00:58]} 9. d3 {[%emt 0:02:21]} Qxd6 {[%emt 0:00:40]} 10. O-O {[%emt 0:00:43]} O-O {[%emt 0:00:12]} 11. Re1 {[%emt 0:07:21]} b6 {[%emt 0:01:50]} 12. Ne4 {[%emt 0:05:03]} Qc7 {[%emt 0:06:10]} 13. c3 {[%emt 0:02:40]} Bb7 {[%emt 0:00:40]} 14. Qc2 {[%emt 0:00:24]} Nd5 {[%emt 0:05:16]} 15. g3 {[%emt 0:04:44]} Rad8 {[%emt 0:15:00]} 16. Be3 {[%emt 0:05:49]} Nxe3 {[%emt 0:01:58]} 17. Rxe3 {[%emt 0:00:06]} Ne7 {[%emt 0:00:55]} 18. Rd1 {[%emt 0:02:17]} Nf5 {[%emt 0:09:53]} 19. Re2 {[%emt 0:01:07]} Nd6 {[%emt 0:00:37]} 20. Kf2 {[%emt 0:09:16]} Bxe4 {[%emt 0:02:48]} 21. Rxe4 {[%emt 0:01:27]} Nxe4+ {[%emt 0:00:07]} 22. dxe4 {[%emt 0:00:28]} b5 {[%emt 0:09:34]} 23. Rxd8 {[%emt 0:01:08]} Rxd8 {[%emt 0:01:23]} 24. axb5 {[%emt 0:00:15]} axb5 {[%emt 0:00:06]} 25. Be2 {[%emt 0:01:31]} c4 {[%emt 0:01:13]} 26. e5 {[%emt 0:00:11]} f6 {[%emt 0:02:05]} 27. exf6 {[%emt 0:00:31]} Bxf6 {[%emt 0:00:09]} 28. Qe4 {[%emt 0:00:30]} Qc5+ {[%emt 0:00:36]} 29. Kg2 {[%emt 0:00:25]} Qd5 {[%emt 0:02:21]} 30. Qe3 {[%emt 0:00:15]} Ra8 {[%emt 0:05:34]} 31. Kf2 {[%emt 0:00:58]} Ra1 {[%emt 0:03:06]} 32. Qb6 {[%emt 0:01:12]} Bd8 {[%emt 0:01:25]} 33. Qb8 {[%emt 0:00:30]} Ra8 {[%emt 0:00:11]} 34. Qe5 {[%emt 0:00:19]} Bb6+ {[%emt 0:00:46]} 35. Kg2 {[%emt 0:00:07]} Qxe5 {[%emt 0:00:06]} 36. Nxe5 {[%emt 0:00:06]} Ra2 {[%emt 0:00:18]} 37. Bg4 {[%emt 0:00:13]} Rxb2+ {[%emt 0:00:05]} 38. Kf3 {[%emt 0:00:10]} Rc2 {[%emt 0:01:11]} 39. Bxe6+ {[%emt 0:00:07]} Kg7 {[%emt 0:00:20]} 0-1

[Event "EYCC Open-U14 2019"]
[Site "Bratislava"]
[Date "2019.08.10"]
[Round "9.41"]
[White "Maruntis, Patrik-Robert"]
[Black "Grzesik, Gracjan"]
[Result "1/2-1/2"]
[WhiteElo "1876"]
[BlackElo "2004"]
[Annotator "NA RC"]
[PlyCount "92"]
[EventDate "2019.08.02"]
[EventType "swiss"]
[EventCountry "SVK"]
[SourceTitle "playchess.com"]
[Source "ChessBase"]
[SourceQuality "1"]
[TimeControl "40/5400+30:1800+30"]

1. e4 {[%emt 0:00:00]} c5 {[%emt 0:00:00]} 2. Nf3 {[%emt 0:00:00]} d6 {[%emt 0:00:00]} 3. Bb5+ {[%emt 0:00:00]} Bd7 {[%emt 0:00:00]} 4. Bxd7+ {[%emt 0:00:16]} Qxd7 {[%emt 0:00:02]} 5. O-O {[%emt 0:00:13]} Nc6 {[%emt 0:00:39]} 6. c3 {[%emt 0:00:06]} Nf6 {[%emt 0:00:56]} 7. Re1 {[%emt 0:00:09]} g6 {[%emt 0:01:09]} 8. d4 {[%emt 0:00:04]} cxd4 {[%emt 0:02:31]} 9. cxd4 {[%emt 0:00:05]} Bg7 {[%emt 0:02:07]} 10. Nc3 {[%emt 0:07:55]} O-O {[%emt 0:02:58]} 11. Bg5 {[%emt 0:04:43]} Rfd8 {[%emt 0:11:55]} 12. Qd2 {[%emt 0:03:05]} Rac8 {[%emt 0:04:27]} 13. Nd5 {[%emt 0:06:41]} Re8 {[%emt 0:17:10]} 14. Re2 {[%emt 0:09:33]} Nh5 {[%emt 0:12:07]} 15. Nf4 {[%emt 0:12:15]} Nxf4 {[%emt 0:03:55]} 16. Bxf4 {[%emt 0:01:16]} b6 {[%emt 0:05:55]} 17. h3 {[%emt 0:13:45]} Qb7 {[%emt 0:04:33]} 18. Qd3 {[%emt 0:07:32]} Na5 {[%emt 0:15:27]} 19. Rc1 {[%emt 0:11:15]} Rxc1+ {[%emt 0:02:08]} 20. Bxc1 {[%emt 0:00:49]} Rc8 {[%emt 0:00:59]} 21. Rc2 {[%emt 0:01:43]} Rxc2 {[%emt 0:04:40]} 22. Qxc2 {[%emt 0:02:09]} Qc6 {[%emt 0:00:48]} 23. Qxc6 {[%emt 0:00:06]} Nxc6 {[%emt 0:00:02]} 24. Be3 {[%emt 0:00:16]} Kf8 {[%emt 0:01:53]} 25. Kf1 {[%emt 0:00:14]} Ke8 {[%emt 0:00:40]} 26. Ke2 {[%emt 0:00:18]} h6 {[%emt 0:00:57]} 27. a3 {[%emt 0:00:26]} Kd7 {[%emt 0:00:32]} 28. Kd3 {[%emt 0:00:18]} Kc7 {[%emt 0:00:45]} 29. Nd2 {[%emt 0:01:00]} Kb7 {[%emt 0:01:02]} 30. g4 {[%emt 0:01:09]} Kc7 {[%emt 0:01:31]} 31. f4 {[%emt 0:01:02]} e6 {[%emt 0:02:31]} 32. h4 {[%emt 0:00:48]} d5 {[%emt 0:00:47]} 33. e5 {[%emt 0:03:20]} Ne7 {[%emt 0:00:26]} 34. Nf1 {[%emt 0:00:22]} f5 {[%emt 0:00:29]} 35. exf6 {[%emt 0:02:42]} Bxf6 {[%emt 0:00:02]} 36. Bf2 {[%emt 0:00:14]} Kd7 {[%emt 0:00:49]} 37. Nd2 {[%emt 0:00:13]} Kc6 {[%emt 0:00:46]} 38. Nf3 {[%emt 0:00:52]} Kd7 {[%emt 0:00:39]} 39. Be3 {[%emt 0:00:39]} Ke8 {[%emt 0:00:32]} 40. b4 {[%emt 0:00:00]} Kd7 {[%emt 0:00:00]} 41. b5 {[%emt 0:03:36]} h5 {[%emt 0:11:10]} 42. g5 {[%emt 0:01:20]} Bg7 {[%emt 0:00:38]} 43. Ne1 {[%emt 0:00:45]} Nf5 {[%emt 0:00:27]} 44. Nf3 {[%emt 0:02:10]} Kc8 {[%emt 0:02:56]} 45. Bd2 {[%emt 0:16:21]} Kb7 {[%emt 0:06:37]} 46. Be1 Kc8 {Ke4} 1/2-1/2

[Event "EYCC Open-U14 2019"]
[Site "Bratislava"]
[Date "2019.08.10"]
[Round "9.42"]
[White "Danaci, Ege"]
[Black "Pegno, Mattia"]
[Result "1-0"]
[WhiteElo "1976"]
[BlackElo "1821"]
[Annotator "NA RC"]
[PlyCount "65"]
[EventDate "2019.08.02"]
[EventType "swiss"]
[EventCountry "SVK"]
[SourceTitle "playchess.com"]
[Source "ChessBase"]
[SourceQuality "1"]
[TimeControl "40/5400+30:1800+30"]

1. e4 {[%emt 0:00:00]} c5 {[%emt 0:00:00]} 2. Nc3 {[%emt 0:00:00]} Nc6 {[%emt 0:00:00]} 3. g3 {[%emt 0:00:00]} g6 {[%emt 0:00:00]} 4. Bg2 {[%emt 0:00:05]} Bg7 {[%emt 0:00:03]} 5. d3 {[%emt 0:00:05]} e6 {[%emt 0:00:31]} 6. Be3 {[%emt 0:00:07]} d6 {[%emt 0:00:07]} 7. f4 {[%emt 0:00:06]} Nge7 {[%emt 0:00:14]} 8. Nf3 {[%emt 0:00:08]} O-O {[%emt 0:00:10]} 9. O-O {[%emt 0:00:04]} Nd4 {[%emt 0:02:10]} 10. e5 {[%emt 0:01:00]} Nec6 {[%emt 0:11:30]} 11. exd6 {[%emt 0:01:39]} Qxd6 {[%emt 0:01:14]} 12. Ne4 {[%emt 0:00:07]} Qe7 {[%emt 0:01:48]} 13. c3 {[%emt 0:00:19]} f5 {[%emt 0:09:57]} 14. Nxc5 {[%emt 0:30:46]} Qxc5 {[%emt 0:04:23]} 15. cxd4 {[%emt 0:02:39]} Nxd4 {[%emt 0:03:44]} 16. Rc1 {[%emt 0:02:32]} Nxf3+ {[%emt 0:01:00]} 17. Qxf3 {[%emt 0:00:02]} Qb5 {[%emt 0:04:04]} 18. Rc7 {[%emt 0:04:31]} Rf7 {[%emt 0:20:31]} 19. Rfc1 {[%emt 0:02:15]} Rxc7 {[%emt 0:00:58]} 20. Rxc7 {[%emt 0:00:01]} Qxb2 {[%emt 0:02:46]} 21. Qf2 {[%emt 0:01:10]} Qb1+ {[%emt 0:04:23]} 22. Bf1 {[%emt 0:01:45]} e5 {[%emt 0:01:50]} 23. fxe5 {[%emt 0:07:10]} Bxe5 {[%emt 0:03:43]} 24. Rc1 {[%emt 0:00:16]} Qb4 {[%emt 0:02:20]} 25. Bc5 {[%emt 0:06:30]} Qa4 {[%emt 0:03:38]} 26. d4 {[%emt 0:01:47]} Bg7 {[%emt 0:01:01]} 27. Bc4+ {[%emt 0:01:06]} Kh8 {[%emt 0:00:14]} 28. d5 {[%emt 0:02:33]} b6 {[%emt 0:05:18]} 29. Bd4 {[%emt 0:04:47]} Qd7 {[%emt 0:00:57]} 30. Re1 {[%emt 0:00:38]} Bb7 {[%emt 0:01:00]} 31. Qb2 {[%emt 0:00:23]} Rb8 {[%emt 0:06:39]} 32. d6 {[%emt 0:01:46]} Bc6 33. Re7 1-0